Diccionario nuevo de las dos lenguas española é inglesa en quatro tomos... = (Record no. 153247)

MARC details
000 -LEADER
campo de control de longitud fija 01456nam a2200265 i 4500
001 - NÚMERO DE CONTROL
campo de control 153247
003 - IDENTIFICADOR DE NÚMERO DE CONTROL
campo de control ES-MaACL
005 - FECHA Y HORA DE LA ÚLTIMA TRANSACCIÓN
campo de control 20230908121809.0
008 - DATOS DE LONGITUD FIJA--INFORMACIÓN GENERAL
campo de control de longitud fija 941129m17971798sp |||| | spa d
100 1# - ENTRADA PRINCIPAL--NOMBRE DE PERSONA
Nombre de persona Connelly, Tomás.
9 (RLIN) 126566
245 10 - MENCIÓN DEL TÍTULO
Título Diccionario nuevo de las dos lenguas española é inglesa en quatro tomos... =
Resto del título A new dictionary of the Spanish and English languages in four volumes /
Mención de responsabilidad, etc. compuesto por... = compiled by Tomas Connelly... y Tomas Higgins ; parte primera, tomo I [-parte segunda, tomo II] = part the first, volume I [-part the second, volume II].
246 3# - FORMA VARIANTE DEL TITULO
Título propio/Titulo breve Diccionario nuevo y completo de las lenguas españolas e inglesa, inglesa y española...
260 ## - PUBLICACIÓN, DISTRIBUCIÓN, ETC.
Lugar de publicación, distribución, etc. Madrid :
Nombre del editor, distribuidor, etc. en la Imprenta Real por D. Pedro Julian Pereyra.,
Fecha de publicación, distribución, etc. 1797-1798.
300 ## - DESCRIPCIÓN FÍSICA
Extensión 4 v. ([16], 956, [3] p. ; [4], 1097, [2] p. ; [8], 724, [1] p. ; [6], 671, [1] p.) ;
Dimensiones 4º.
530 ## - NOTA DISPONIBLE DE FORMULARIO FÍSICO ADICIONAL
Nota de formato físico adicional disponible Disponible en formato digital.
546 ## - NOTA DE IDIOMA
Nota de lengua/lenguaje Texto en español e inglés.
650 #4 - PUNTO DE ACCESO ADICIONAL DE MATERIA--TÉRMINO DE MATERIA
Término de materia o nombre geográfico como elemento de entrada Lengua española-
Subdivisión de forma Diccionarios-
Subdivisión general Inglés.
9 (RLIN) 14142
650 #4 - PUNTO DE ACCESO ADICIONAL DE MATERIA--TÉRMINO DE MATERIA
Término de materia o nombre geográfico como elemento de entrada Lengua inglesa-
Subdivisión de forma Diccionarios-
Subdivisión general Español.
9 (RLIN) 14270
700 1# - ENTRADA AGREGADA--NOMBRE PERSONAL
Nombre de persona Higgins, Tomás.
9 (RLIN) 127980
740 22 - ENTRADA AGREGADA--TÍTULO RELACIONADO/ANALÍTICO NO CONTROLADO
Título relacionado o analítico no controlado A new dictionary of the Spanish and English languages in four volumes.
852 4# - LOCALIZACIÓN
Ubicación ES-MaACL
itemnumber 158824
Número de control de estantería R-166-69
Signatura antigua Olim: B-4734-7
Nota libre Encuadernación en pasta
856 4# - LOCALIZACIÓN Y ACCESO ELECTRÓNICOS
Identificador Uniforme de Recursos <a href="http://bdh-rd.bne.es/viewer.vm?id=0000015526&page=1 ">http://bdh-rd.bne.es/viewer.vm?id=0000015526&page=1 </a>
Nota pública Biblioteca Digital Hispánica
942 ## - ELEMENTOS DE ENTRADA SECUNDARIOS (KOHA)
Fuente del sistema de clasificación o colocación Clasificación decimal universal
Holdings
Estatus retirado Estado de pérdida Estado de daño No para préstamo Colección Biblioteca de origen Biblioteca actual Ubicación en estantería Fecha de adquisición Total de préstamos Signatura topográfica completa Código de barras Visto por última vez Precio de reemplazo Tipo de ítem Koha
        Colección digital Biblioteca del Ateneo de Madrid Biblioteca del Ateneo de Madrid Depósito 17/01/2008   R-166-69 1160134 23/02/2023 23/02/2023 Libro impreso antiguo